Egy Kárpáti latifundium a hűbéri világ alkonyán a munkácsi Schönborn-uradalom társadalmi és gazdasági viszonyai a XIX. század elsö felében

Bibliographic Details
Main Author: Sas, Andor, 1887-1962 (Author)
Format: Book
Language:Hungarian
PhysicalDescription:133 strán 21 cm
Published: [Bratislava] Csehszlovákiai magyar könyvkiadó 1955
Edition:Elsö kiad.
Subjects:

MARC

LEADER 00000cam a2200000 a 4500
001 vtls001356021
003 SK-MaSNL
005 20260301070504.0
008 240226s1955 xo g 000 1 hun
015 |a SNBA1955 
020 |q (viazané) 
035 |a SNK000309493 
035 |a urn:nbn:sk:snk-am3i5aa 
035 |a 7009693C-4988-4E5D-8ABE-70862949263F 
035 |a urn:nbn:sk:snk-am00dkkx 
040 |a SNK  |b slo  |c SNK  |e AACR2 
041 0 |a hun 
043 |a e-xo--- 
044 |a xo  |c SK 
072 7 |a 929.5/.9  |x Genealógia. Heraldika. Šľachta. Vlajky  |2 konspekt 
080 |a 929.732  |2 2011 
080 |a (437.6)  |2 2011 
080 |a 93/94  |2 2011 
080 |a (048.8)  |2 2011 
100 1 |a Sas, Andor,  |d 1887-1962  |4 aut  |9 82797 
245 1 0 |a Egy Kárpáti latifundium a hűbéri világ alkonyán  |b a munkácsi Schönborn-uradalom társadalmi és gazdasági viszonyai a XIX. század elsö felében  |c Sas Andor 
250 |a Elsö kiad. 
260 |a [Bratislava]  |b Csehszlovákiai magyar könyvkiadó  |c 1955 
300 |a 133 strán  |c 21 cm 
366 |e 1000 kusov 
500 |a Na titulnom liste neuvedené miesto vydania 
500 |a Obsahuje poznámky pod čiarou ; poznámky na strane 129-133 
600 3 7 |a Schönborn (rod)  |2 SNKMA  |9 386771 
650 0 7 |a šľachtické rody  |2 SNKPH  |9 31798 
655 7 |a monografie  |2 SNKPH  |9 70139 
852 |a Slovenská národná knižnica 
954 |a odborná, vedecká literatúra cudzojazyčná (svetová)  |2 lita 
958 |a RK 
958 |a TL 
958 |a HU 
958 |a OND 
958 |a EUIPO 
999 |c 634516  |d 636446 
952 |a SNK  |b SNK  |y PREZ  |7 0  |p 17A0771055  |o snkSC 6162  |i snk1038/55  |0 0  |1 0  |4 0  |d 2011-12-11  |f 1  |l 0  |r 2025-07-04 00:00:00  |w 2026-02-23 
952 |a SNK  |b SNK  |y VYP  |7 0  |p 17A0182715  |o snkSC 6162 D1  |0 0  |1 0  |4 0  |d 1999-02-23  |l 0  |r 2005-01-02 00:00:00  |w 2026-02-23